=LDR 00000nam 2200000 4500 =001 INLIS000000000063520 =005 20240426030817 =035 ##$$a 0010-0424000095 =007 ta =008 240426################g##########0#ind## =100 #$$a Ferdhy Febryan =245 ##$$a The Power of Selling /$c Ferdhy Febryan =300 ##$$a xix, 342 halaman ; $c 21 cm =020 ##$$a 978-979-27-6964-7 =041 ##$$a ind =082 ##$$a 658.81 =084 ##$$a 658.81 FEB p =264 ##$$a Jakarta :$b Elex Media Komputindo,$c 2010 =336 ##$$a Teks$2 rdacontent =337 ##$$a Tanpa Perantara$2 rdamedia =338 ##$$a Volume$2 rdacarrier =650 #4$$a Penjualan - Manajemen =990 ##$$a 3202400977